header

Fairest of all (Record no. 263446)

MARC details
000 -LEADER
fixed length control field 00246nam a22001097a 4500
020 ## - INTERNATIONAL STANDARD BOOK NUMBER
ISBN 9780545415668
100 ## - MAIN ENTRY--AUTHOR NAME
Personal name Sarah Mlynowski.
245 ## - TITLE STATEMENT
Title Fairest of all
250 ## - EDITION STATEMENT
Edition statement 1st ed.
260 ## - PUBLICATION, DISTRIBUTION, ETC. (IMPRINT)
Place of publication New York
Name of publisher Scholastic Press
Year of publication 2012.
942 ## - ADDED ENTRY ELEMENTS (KOHA)
Koha item type Long Loan Books
Holdings
Withdrawn status Lost status Collection code Home library Current library Shelving location Date acquired Accession Number Koha item type
    Fiction Rongo University Library Rongo University Library Children's Area 04/04/2024 CL2021217 Long Loan Books

© 2026 Rongo University
Contact us: librarian | system librarian | Rongo university